000 00717nam a2200217Ia 4500
003 OSt
005 20230829143719.0
008 210716s1994 xx 000 0 und d
040 _cAIMIT LIBRARY
041 _aeng
082 _a005.11FP
_21
_bKAUJ
100 _aKaufeld, John.
_9131350
245 _aFoxpro 2.6 for windows for dummies /
_cBy John Kaufeld.
250 _a1st ed.
260 _aNew Delhi :
_bPustak mahal ,
_c1994.
300 _axx,328p. ;
_bPB
_c24 cm.
650 _aPresentation skills for introverted databases
_9131351
650 _aAdding deleting and fixing the whoopsies
_9131352
650 _aReports labels and junk mail at the wave of a wand
_9131353
942 _2ddc
_cBK
_e1st
_k005.11FP KAUJ
999 _c183183
_d183183